Statistics for Lego Star Wars III: The Clone Wars (2011) Playable Characters

Click here to take the quiz!

General Stats

  • This quiz has been taken 263 times
  • The average score is 46 of 115

Answer Stats

Answer% Correct
MinikitDarth Vader Battle Damaged (Classic)
98%
MinikitDarth Vader (Classic)
98%
UnlockableAnakin Skywalker
95%
UnlockableObi-Wan Kenobi
95%
MinikitObi-Wan Kenobi (Classic)
95%
UnlockablePadmé Amidala
85%
Unlockable (Bad Guy Missions)Count Dooku
81%
UnlockableYoda
81%
UnlockableCaptain Rex
79%
UnlockableCommander Cody
79%
Ground AssaultChancellor Palpatine
77%
MinikitDarth Sidious (Classic)
77%
BoughtGeneral Grievous
74%
UnlockableAhsoka
73%
UnlockableMace Windu
73%
UnlockableR2-D2
73%
UnlockableC-3PO
67%
MinikitClone Shadow Trooper (Classic)
66%
Unlockable (Bad Guy Missions)Commando Droid
66%
UnlockableKit Fisto
66%
Unlockable (Bad Guy Missions)MagnaGuard
66%
BoughtBattle Droid
65%
BoughtBattle Droid Commander
65%
BoughtDestroyer Droid
65%
BoughtGold Super Battle Droid
65%
BoughtHeavy Super Battle Droid
65%
UnlockableHeavy Weapons Clone Trooper
65%
MinikitLuke Skywalker (Classic)
65%
BoughtSuper Battle Droid
65%
BoughtClone Pilot
64%
UnlockableClone Trooper
64%
UnlockableKi-Adi-Mundi
64%
BoughtWorkout Clone Trooper
64%
MinikitDarth Maul (Classic)
63%
Ground AssaultAsajj Ventress
62%
BoughtGonk Droid
57%
MinikitHan Solo (Classic)
56%
BoughtLEP Servant Droid
56%
BoughtMSE-6
56%
MinikitPrincess Leia (Classic)
56%
BoughtProbe Droid
56%
MinikitBoba Fett (Classic)
55%
UnlockableLuminara Unduli
55%
BoughtLuxury Droid
55%
BoughtR6-H5
55%
Unlockable (Bad Guy Missions)Cad Bane
54%
UnlockablePlo Koon
54%
BoughtJango Fett
53%
UnlockableAayla Secura
52%
MinikitChewbacca (Classic)
49%
UnlockableFives
48%
UnlockableEcho
47%
UnlockableJar Jar Binks
46%
UnlockableBarriss Offee
42%
UnlockableHevy
42%
UnlockableCommander Bly
41%
Cheat Code UnlockSavage Opress
39%
BoughtNute Gunray
34%
Unlockable (Bad Guy Missions)Aurra Sing
31%
UnlockableCommander Ponds
30%
MinikitQui-Gon Jinn (Classic)
30%
MinikitStormtrooper (Classic)
30%
BoughtGeonosian Guard
29%
UnlockableLieutenant Thire
29%
BoughtWat Tambor
29%
MinikitLando Calrissian (Classic)
28%
UnlockableJek
27%
BoughtPoggle the Lesser
27%
MinikitRebel Commando (Classic)
25%
UnlockableAdi Gallia
24%
UnlockableRys
23%
BoughtUndead Geonosian
23%
UnlockableWaxer
23%
UnlockableBoil
22%
BoughtHondo Ohnaka
21%
UnlockableCommander Stone
20%
UnlockableNahdar Vebb
19%
UnlockableEeth Koth
18%
MinikitVader's Apprentice (Classic)
18%
Ground AssaultGrand Moff Tarkin
17%
BoughtSenate Commando
17%
BoughtSenate Commando (Captain)
17%
MinikitAdmiral Ackbar (Classic)
16%
UnlockableCommander Fil
15%
MinikitImperial Guard (Classic)
15%
BoughtR4-P17
15%
BoughtTee Watt Kaa
15%
BoughtAdmiral Yularen
14%
BoughtBail Organa
14%
BoughtGamorrean Guard
13%
MinikitGreedo (Classic)
13%
Unlockable (Bad Guy Missions)Robonino
13%
BoughtDr. Nuvo Vindi
12%
Unlockable (Bad Guy Missions)HELIOS-3D
12%
UnlockableR3-S6
12%
BoughtCaptain Typho
10%
UnlockableWag Too
10%
Unlockable (Bad Guy Missions)IG-86
9%
BoughtLok Durd
9%
BoughtBib Fortuna
8%
Unlockable (Bad Guy Missions)Shahan Alama
7%
BoughtPirate Ruffian
6%
MinikitCaptain Antilles (Classic)
5%
BoughtTurk Falso
5%
MinikitTusken Raider (Classic)
5%
BoughtWhorm Loathsom
5%
BoughtLurmen Villager
4%
BoughtOnaconda Farr
4%
BoughtSenator Kharrus
4%
BoughtNeimoidian
3%
BoughtSenator Philo
3%
BoughtQueen Neeyutnee
2%
BoughtSionver Boll
2%
BoughtTX-20
2%
MinikitWedge Antilles (Classic)
1%

Score Distribution

Percentile by Number Answered

Percent of People with Each Score

Your Score History

You have not taken this quiz